| 000 | 00327nam a22001217a 4500 | ||
|---|---|---|---|
| 008 | 160719b xxu||||| |||| 00| 0 eng d | ||
| 050 | _aBF173.F85P43 1946 | ||
| 100 |
_aPesch, Edgar _924415 |
||
| 245 |
_aLa Pensee de Freud _c/ Edgar Pesch |
||
| 260 |
_as.l. _bBordas _c1946 |
||
| 300 |
_a140p. ; _c16cm. |
||
| 942 |
_2lcc _cMONOGRAPH |
||
| 999 |
_c124808 _d124808 |
||